000 00211 a2200097 4500
001 30212
100 _aWheatley, D
245 _aThe scarlet impostor
260 _aLondon
_bArrow Books
_c
090 _c20155
_d20155
942 _aNUST-CAE
_cM
_c11287
999 _c265285
_d265285